Top 15 des pays avec les décès de Covid-19 - 12 mai - Statistiques

Statistiques générales
  • Ce quiz a été pris 46 fois
  • Le résultat moyen est 14 sur 21
Statistiques - réponses
pays % Correct
France
100%
Chine
95%
Espagne
95%
Etats-Unis
95%
Italie
91%
Allemagne
86%
Royaume-Uni
80%
Belgique
77%
Canada
77%
Brésil
70%
Pays-Bas
64%
Portugal
64%
Mexique
59%
Suisse
52%
Turquie
45%
Suède
43%
Suède
43%
Danemark
39%
Irlande
39%
Iran
32%
Équateur
9%
Aucun quiz correspondant
Distribution des résultats
% des personnes avec chaque résultat
Percentile par nombre de réponses
Votre historique - résultats
Vous n’avez pas pris ce quiz